<?xml version="1.0" encoding="UTF-8"?>
<record
    xmlns:xsi="http://www.w3.org/2001/XMLSchema-instance"
    xsi:schemaLocation="http://www.loc.gov/MARC21/slim http://www.loc.gov/standards/marcxml/schema/MARC21slim.xsd"
    xmlns="http://www.loc.gov/MARC21/slim">

  <leader>03599nam a2200349 a 4500</leader>
  <controlfield tag="003">OSt</controlfield>
  <controlfield tag="005">20250925143530.0</controlfield>
  <controlfield tag="007">cr ||||||a|a|a</controlfield>
  <controlfield tag="008">250826s2025    mx a|||fom||| 001 0 spa d</controlfield>
  <datafield tag="040" ind1=" " ind2=" ">
    <subfield code="e">rda</subfield>
  </datafield>
  <datafield tag="100" ind1="1" ind2=" ">
    <subfield code="a">Montejo L&#xF3;pez, Jaime</subfield>
    <subfield code="9">190991</subfield>
  </datafield>
  <datafield tag="245" ind1="1" ind2="0">
    <subfield code="a">Alimentaci&#xF3;n de pollos de engorda con Melanthera Nivea (L.) Small en un clima c&#xE1;lido H&#xFA;medo /</subfield>
    <subfield code="c">por Jaime Montejo L&#xF3;pez; director de tesis Roberto Gonz&#xE1;lez Gardu&#xF1;o; secretario Fleider Leiser Pe&#xF1;a Escalona; vocal Paulina Vazquez Mendoza; suplente Carmen Cordova P&#xE9;rez; suplente Francisco Reyes Montes</subfield>
  </datafield>
  <datafield tag="264" ind1=" " ind2="1">
    <subfield code="a">Chapingo, M&#xE9;xico :</subfield>
    <subfield code="b">El autor,</subfield>
    <subfield code="c">2025.</subfield>
  </datafield>
  <datafield tag="300" ind1=" " ind2=" ">
    <subfield code="a">1 recurso en l&#xED;nea (68 p&#xE1;ginas):</subfield>
    <subfield code="b">cuadros, figuras.</subfield>
  </datafield>
  <datafield tag="336" ind1=" " ind2=" ">
    <subfield code="2">rdacontent</subfield>
    <subfield code="a">texto</subfield>
    <subfield code="b">txt</subfield>
  </datafield>
  <datafield tag="337" ind1=" " ind2=" ">
    <subfield code="2">rdamedia</subfield>
    <subfield code="a">computadora</subfield>
    <subfield code="b">c</subfield>
  </datafield>
  <datafield tag="338" ind1=" " ind2=" ">
    <subfield code="2">rdacarrier</subfield>
    <subfield code="a">recurso en l&#xED;nea</subfield>
    <subfield code="b">cr</subfield>
  </datafield>
  <datafield tag="502" ind1=" " ind2=" ">
    <subfield code="b">IAEZT</subfield>
    <subfield code="c">URUSSE</subfield>
    <subfield code="d">2025.</subfield>
    <subfield code="g">LIC</subfield>
  </datafield>
  <datafield tag="504" ind1=" " ind2=" ">
    <subfield code="a">Incluye referencias bibliogr&#xE1;ficas: p&#xE1;ginas 61-64.</subfield>
  </datafield>
  <datafield tag="520" ind1=" " ind2=" ">
    <subfield code="a">El presente experimento se llev&#xF3; a cabo en el Ejido Cenobio Aguilar, Municipio de Salto de Agua, Chiapas. El clima predominante en la regi&#xF3;n es c&#xE1;lido h&#xFA;medo. El objetivo fue determinar el comportamiento productivo de pollos de engorda utilizando en la dieta 28.5% y 38.5% de suju&#xB4;b (Melanthera nivea) en forma de harina. Para el estudio se emple&#xF3; un dise&#xF1;o factorial constituido por cuatro tratamientos m&#xE1;s un tratamiento testigo (alimento comercial) con cinco repeticiones cada uno. Cada repetici&#xF3;n considerada como unidad experimental const&#xF3; de cuatro pollos. La M. nivea conten&#xED;a 26.83% de prote&#xED;na cruda (PC) en estado fresco, pero con el cocimiento se increment&#xF3; a 28.83% de PC. En la s&#xE9;ptima semana se obtuvo un peso promedio de 2081.8 g, 1436.7 g, 1372.9 g, 1307.1 g y 1256.3 g, para los grupos testigo y los grupos con M. nivea en harina (28% y 38.5 %) y cocida respectivamente (28.5 % y 38.5%). Las mejores ganancias diarias de peso se obtuvieron en el grupo testigo (32.7 g/d) en comparaci&#xF3;n a los tratamientos en los que se le incorpor&#xF3; M. nivea, (P&lt;0.05) en harina y cocida respectivamente, los cuales fueron similares entre si 24.2 g, 23.6 g, 21.7 g y 20.9 g. El grupo testigo tuvo el mayor consumo de alimento (126.8 g) mientras que en los que se le incorpor&#xF3; losalimentados con M. nivea no superaron los 107.2 gramos. La conversi&#xF3;n alimenticia promedio fue de 2.4 kg para el grupo testigo y superior a los tratamientos con harina de M. nivea (2.7 kg, 2.9 kg), mientras que los tratamientos con la dieta cocida lograron promedios cercanos a los 3.0 kg por cada kilo de carne producido. En cuanto a la mortalidad la mayor afectaci&#xF3;n se observ&#xF3; en el grupo testigo que obtuvo un 40%; el tratamiento con 28.5% y 38.5% con M. nivea deshidratada obtuvieron el 25%, mientras que el tratamiento con 28.5% de incorporaci&#xF3;n de M. n&#xED;vea solamente obtuvo el 15%, por &#xFA;ltimo, el tratamiento con 38.5%, solamente registr&#xF3; un 5% de mortalidad.</subfield>
  </datafield>
  <datafield tag="650" ind1=" " ind2="4">
    <subfield code="a">Melanthera nivea</subfield>
    <subfield code="x">Valor nutritivo</subfield>
    <subfield code="9">191253</subfield>
  </datafield>
  <datafield tag="650" ind1=" " ind2="4">
    <subfield code="a">Pollos de engorde</subfield>
    <subfield code="x">Alimentaci&#xF3;n</subfield>
    <subfield code="9">191254</subfield>
  </datafield>
  <datafield tag="650" ind1=" " ind2="4">
    <subfield code="a">Pollos de engorde</subfield>
    <subfield code="x">Peso</subfield>
    <subfield code="9">191255</subfield>
  </datafield>
  <datafield tag="650" ind1=" " ind2="4">
    <subfield code="a">Pollos de engorde</subfield>
    <subfield code="x">Rendimiento</subfield>
    <subfield code="9">127013</subfield>
  </datafield>
  <datafield tag="700" ind1="1" ind2=" ">
    <subfield code="a">Gonz&#xE1;lez Gardu&#xF1;o, Roberto</subfield>
    <subfield code="9">48939</subfield>
    <subfield code="e">director.</subfield>
  </datafield>
  <datafield tag="700" ind1="1" ind2=" ">
    <subfield code="a">Pe&#xF1;a Escalona, Fleider Leiser</subfield>
    <subfield code="9">190190</subfield>
    <subfield code="e">secretario.</subfield>
  </datafield>
  <datafield tag="700" ind1="1" ind2=" ">
    <subfield code="a">Vazquez Mendoza, Paulina</subfield>
    <subfield code="9">131318</subfield>
    <subfield code="e">vocal.</subfield>
  </datafield>
  <datafield tag="700" ind1="1" ind2=" ">
    <subfield code="a">Cordova P&#xE9;rez, Carmen</subfield>
    <subfield code="9">190192</subfield>
    <subfield code="e">suplente.</subfield>
  </datafield>
  <datafield tag="700" ind1="1" ind2=" ">
    <subfield code="a">Reyes Montes, Francisco</subfield>
    <subfield code="9">96919</subfield>
    <subfield code="e">suplente.</subfield>
  </datafield>
  <datafield tag="856" ind1=" " ind2=" ">
    <subfield code="z">DESCARGAR PDF</subfield>
    <subfield code="u">http://10.13.5.2/tesis/tl/1012124-3_MONTEJO-LOPEZ_JAIME.pdf</subfield>
  </datafield>
  <datafield tag="942" ind1=" " ind2=" ">
    <subfield code="2">Clasificaci&#xF3;n Universidad Aut&#xF3;noma Chapingo</subfield>
    <subfield code="c">TD</subfield>
  </datafield>
  <datafield tag="999" ind1=" " ind2=" ">
    <subfield code="c">220862</subfield>
    <subfield code="d">220862</subfield>
  </datafield>
  <datafield tag="952" ind1=" " ind2=" ">
    <subfield code="0">0</subfield>
    <subfield code="1">0</subfield>
    <subfield code="2">local</subfield>
    <subfield code="4">0</subfield>
    <subfield code="5">1</subfield>
    <subfield code="7">0</subfield>
    <subfield code="8">TesDigL</subfield>
    <subfield code="a">BD</subfield>
    <subfield code="b">BD</subfield>
    <subfield code="c">E_L</subfield>
    <subfield code="d">2025-08-26</subfield>
    <subfield code="l">0</subfield>
    <subfield code="o">Tesis digital</subfield>
    <subfield code="r">2025-08-26 14:06:11</subfield>
    <subfield code="w">2025-08-26</subfield>
    <subfield code="y">TD</subfield>
  </datafield>
</record>
